MARC

LEADER 00000nam0a2200000 4500
001 673689
005 20240712100820.0
035 |a (RuTPU)RU\TPU\retro\21838 
090 |a 673689 
100 |a 20240712d1962 k||y0rusy50 ca 
101 0 |a rus 
102 |a RU 
105 |a a z 001zy 
181 |a i   |b  e  
182 |a n 
183 |a nc  |2 RDAcarrier 
200 1 |a Труды проектного и научно-исследовательского института "Гипроникель"  |f Государственный проектный и научно-исследовательский институт Гипроникель ; гл. ред. С. Д. Шереметьев  |i Вып. 12 
210 |a Ленинград  |c [Б. и.]  |d 1962 
215 |a 127 с.  |c ил. 
225 1 |a Труды проектного и научно-исследовательского института "Гипроникель"  |v Вып. 12 
283 |a volume 
320 |a Библиография в конце статей 
606 1 |a Рудники цветной металлургии  |x Автоматизация  |2 stltpush  |3 (RuTPU)RU\TPU\subj\25500  |9 49642 
610 1 |a шмальтин-хлоантит 
610 1 |a кипящий слой 
610 1 |a синтезирование 
610 1 |a карбонил никеля 
610 1 |a экспресс-анализ 
610 1 |a термоэлектродвижущая сила 
610 1 |a измерения 
610 1 |a аммиачное выщелачивание 
610 1 |a карбонил рения 
610 1 |a рениевое покрытие 
610 1 |a металлургические процессы 
610 1 |a автоматизация 
675 |a 622.342/.349  |v 4 
702 |4 340  |a Шереметьев  |b С. Д. 
712 0 2 |a Государственный проектный и научно-исследовательский институт никель-кобальтовой промышленности Гипроникель  |3 (RuTPU)RU\TPU\col\13629  |9 25734 
801 1 |a RU  |b 63413507  |c 20240712 
801 2 |a RU  |b 63413507  |c 20240712  |g RCR 
850 |a 63413507 
942 |c CR